header

Memoirs (Record no. 512)

MARC details
000 -LEADER
fixed length control field 01772nam a2200421Ia 4500
082 04 - DEWEY DECIMAL CLASSIFICATION NUMBER
Classification number 944/.0330922
245 00 - TITLE STATEMENT
Title Memoirs
260 ## - PUBLICATION, DISTRIBUTION, ETC. (IMPRINT)
Place of publication Chicago :
Name of publisher University of Chicago Press,
Year of publication 2008.
300 ## - PHYSICAL DESCRIPTION
Number of Pages xxviii, 217 p. :
Other physical details geneal. table, maps.
490 1# - SERIES STATEMENT
Series statement Other voice in early modern Europe
500 ## - GENERAL NOTE
General note Translated from the French.
700 1# - ADDED ENTRY--PERSONAL NAME
Personal name Nelson, Sarah,
Personal name Mazarin, Hortense Mancini,
Personal name Mancini, Maria,
856 40 - ELECTRONIC LOCATION AND ACCESS
Uniform Resource Identifier http://site.ebrary.com/lib/rucke/Doc?id=10288677

No items available.

© 2026 Rongo University
Contact us: librarian | system librarian | Rongo university